War experiences of a Koyli officer 1940-1946 / (Record no. 339823)
[ view plain ]
| 000 -LEADER | |
|---|---|
| fixed length control field | 00621nam a2200241Ia 4500 |
| 008 - FIXED-LENGTH DATA ELEMENTS--GENERAL INFORMATION | |
| fixed length control field | 170711s9999 xx 000 0 und d |
| 020 ## - INTERNATIONAL STANDARD BOOK NUMBER | |
| International Standard Book Number | 1858216044 |
| 050 ## - LIBRARY OF CONGRESS CALL NUMBER | |
| Classification number | 940 |
| 050 ## - LIBRARY OF CONGRESS CALL NUMBER | |
| Item number | N558 1998 |
| 100 ## - MAIN ENTRY--PERSONAL NAME | |
| Personal name | Newsome, J.R.M. |
| 245 ## - TITLE STATEMENT | |
| Title | War experiences of a Koyli officer 1940-1946 / |
| 245 ## - TITLE STATEMENT | |
| Statement of responsibility, etc | by J.R.M. Newsome. |
| 260 ## - PUBLICATION, DISTRIBUTION, ETC. (IMPRINT) | |
| Place of publication, distribution, etc | Durham : |
| 260 ## - PUBLICATION, DISTRIBUTION, ETC. (IMPRINT) | |
| Name of publisher, distributor, etc | Pentland Press, |
| 260 ## - PUBLICATION, DISTRIBUTION, ETC. (IMPRINT) | |
| Date of publication, distribution, etc | 1998 |
| 300 ## - PHYSICAL DESCRIPTION | |
| Extent | ix, 129 pages : |
| 300 ## - PHYSICAL DESCRIPTION | |
| Other physical details | illustrations ; |
| 300 ## - PHYSICAL DESCRIPTION | |
| Dimensions | 21cm. |
| 500 ## - GENERAL NOTE | |
| General note | Includes appendix. |
| 650 ## - SUBJECT ADDED ENTRY--TOPICAL TERM | |
| Topical term or geographic name as entry element | World War, 1939-1945 -- |
| 650 ## - SUBJECT ADDED ENTRY--TOPICAL TERM | |
| General subdivision | Personal narratives, British. |
| 700 ## - ADDED ENTRY--PERSONAL NAME | |
| Personal name | Title. |
No items available.